[Event "Final GP Rapid TOP 16 2019"]
[Site "Khanty-Mansijsk"]
[Date "2019.12.03"]
[Round "14.1"]
[White "Ponkratov, Pavel"]
[Black "Morozevich, Alexander"]
[Result "0-1"]
[WhiteElo "2619"]
[BlackElo "2659"]
[Annotator "TA"]
[PlyCount "92"]
[EventDate "2019.12.01"]
[EventType "tourn"]
[EventCountry "RUS"]
[SourceTitle "playchess.com"]
[Source "ChessBase"]
[SourceQuality "1"]

{[%evp 19,92,10,13,0,0,0,10,-3,8,-11,0,-11,8,-5,0,0,-7,-33,-21,-174,-114,-174,-156,-242,-229,-221,-217,-222,-130,-200,-185,-169,-144,-158,-124,-204,-129,-132,0,-188,-181,-178,-181,-205,-190,-197,-204,-188,-181,-199,-194,-209,-199,-300,-295,-341,-323,-644,-644,-648,-636,-634,-635,-628,-621,-700,-687,-830,-813,-975,-974,-1019,-1068,-985,-961]} 1. e4 e5 2. Nf3 Nc6 3. Bb5 a6 4. Ba4 Nf6 5. O-O Be7 6. Re1 b5 7. Bb3 d6 8. c3 O-O 9. d4 Bg4 10. Be3 Bh5 11. h3 {C91: Closed Ruy Lopez: 7...d6 8 c3 0-0 9 d4} exd4 ({Don't blunder} 11... Nxe4 $2 12. Bd5 $18) (11... a5 12. a4 exd4 13. Bxd4 b4 14. Nbd2 Rb8 15. Rc1 Nd7 16. Qc2 bxc3 17. bxc3 Nce5 18. Nxe5 dxe5 {½-½ (33) Grandelius,N (2651)-Morozevich,A (2665) Malmo 2018}) 12. cxd4 Na5 13. Bc2 {The position is equal.} Nc4 14. Bc1 d5 15. e5 Ne4 $1 16. Nc3 Nxc3 17. bxc3 a5 18. g4 Bg6 19. h4 $146 (19. Kg2 $11) 19... b4 (19... Qc8 $19 20. Nh2 Bxh4) 20. Kg2 (20. Bf5 $17) 20... bxc3 21. Ng5 (21. h5 $17 Bxc2 22. Qxc2) 21... Qd7 $19 {Threatens to win with ...Bxc2.} 22. Kg3 f6 23. e6 {[#]} Qc6 (23... Qd6+ $1 $19 24. Bf4 Qb4 25. Bxg6 hxg6) 24. Nh3 (24. Bxg6 $17 {was called for.} hxg6 25. Nh3) 24... Bxc2 25. Qxc2 {[#]} f5 $1 {[%mdl 512] White must now prevent ...fxg4.} 26. g5 (26. gxf5 Nd6) 26... Rae8 27. Kg2 (27. Nf4 $17 {was necessary.}) 27... Qb6 28. Qd3 c5 ({Black should play} 28... f4 $17 29. Nxf4 Qc6) 29. dxc5 $2 (29. Rb1 $11 {and White has nothing to worry.} Qc6 30. Nf4) 29... Qxc5 30. Qxc3 {[#]} d4 $1 $36 {[%cal Rd4c3][%mdl 2048] Keeping White busy.} 31. Qg3 Qd5+ 32. Qf3 Qxf3+ 33. Kxf3 Bb4 34. Rd1 Rxe6 35. Nf4 Re4 36. a3 (36. h5 $142) 36... Bd6 37. Ra2 Rc8 38. Nd5 $2 (38. Nd3) 38... Rc5 {Black is clearly winning.} 39. Nf4 Ne5+ 40. Kg2 {[#]} Rxc1 $1 {[%mdl 576] Remove Defender} 41. Rxc1 Rxf4 42. Rc8+ Kf7 43. Rb2 d3 44. Rb7+ Ke6 45. Re8+ Kd5 46. Rb5+ Kc4 {Played: Kd5-c6} 0-1

[Event "Final GP Rapid TOP 16 2019"]
[Site "Khanty-Mansijsk"]
[Date "2019.12.03"]
[Round "14.2"]
[White "Potapov, Pavel"]
[Black "Bocharov, Dmitry"]
[Result "1/2-1/2"]
[WhiteElo "2489"]
[BlackElo "2519"]
[Annotator "TA"]
[PlyCount "40"]
[EventDate "2019.12.01"]
[EventType "tourn"]
[EventCountry "RUS"]
[SourceTitle "playchess.com"]
[Source "ChessBase"]
[SourceQuality "1"]

{[%evp 14,40,66,57,70,33,53,50,73,50,121,32,30,16,16,20,20,24,14,19,98,76,79,0,91,0,79,0,89]} 1. e4 g6 2. d4 Bg7 3. Nc3 d6 4. f4 a6 5. Nf3 b5 6. Bd3 Nd7 7. e5 Bb7 8. O-O Nh6 {B06: Modern Defence} (8... e6 9. Be4 Bxe4 10. Nxe4 d5 11. Nf2 c5 12. c3 Ne7 13. Be3 Rc8 14. a4 Nf5 15. Qe2 O-O 16. axb5 axb5 {1-0 (56) Anand,V (2756)-Nepomniachtchi,I (2774) Amsterdam 2019}) 9. Be4 Bxe4 10. Nxe4 c5 {White is slightly better.} 11. dxc5 (11. e6 $5 fxe6 12. Neg5 $14) 11... dxc5 (11... Nxc5 $14 12. Nxc5 dxc5) 12. Qd5 $146 (12. a4 $16) ({Predecessor:} 12. Be3 Rc8 13. Qe2 O-O 14. Rad1 Qc7 15. Rd5 c4 16. Rfd1 Nb6 {0-1 (45) Oltzen,S (1914)-Brondal,P (2118) Ballerup 2017}) 12... O-O $14 {next ...Nxe5 is good for Black.} 13. Rd1 Qb6 $1 14. Be3 Ng4 $1 {[%cal Rg4e3]} 15. Bxc5 Nxc5 16. Qxc5 Qb7 (16... Qxc5+ $11 {remains equal.} 17. Nxc5 Rfc8) 17. Qd5 Qc7 18. Qc5 Qb7 19. Qd5 Qc7 $1 20. Qc5 Qb7 {Accuracy: White = 35%, Black = 48%.} 1/2-1/2

[Event "Final GP Rapid TOP 16 2019"]
[Site "Khanty-Mansijsk"]
[Date "2019.12.03"]
[Round "14.3"]
[White "Shimanov, Aleksandr"]
[Black "Golubov, Saveliy"]
[Result "1-0"]
[WhiteElo "2587"]
[BlackElo "2469"]
[Annotator "TA"]
[PlyCount "92"]
[EventDate "2019.12.01"]
[EventType "tourn"]
[EventCountry "RUS"]
[SourceTitle "playchess.com"]
[Source "ChessBase"]
[SourceQuality "1"]

{[%evp 17,92,54,67,69,64,58,73,60,68,59,60,66,48,34,51,30,179,179,178,164,194,180,235,233,229,222,219,222,507,254,232,150,241,232,358,358,347,353,764,750,831,851,853,839,955,954,912,905,1760,1744,2218,1840,1804,1799,1729,1741,1692,1645,1580,1541,1449,1410,1432,1183,1218,952,12837,6806,12837,12837,12837,12837,12838,12838,29989,29990,29994]} 1. d4 g6 2. c4 Bg7 3. Nf3 Nf6 4. Nc3 O-O 5. e4 d6 6. Be2 e5 7. O-O Nbd7 8. Be3 Re8 9. d5 Nh5 10. g3 {E94: King's Indian: Classical: 6 Be2 e5 7 0-0: Various Black 7th moves} Bf8 11. Ne1 Ng7 12. Nd3 {White is better.} f5 ({Predecessor:} 12... Be7 13. Qd2 f5 {1-0 (43) Navrotescu,A (2208)-Visanescu,D (2010) Batumi 2014}) 13. f3 Be7 14. Qd2 Nf6 15. Bh6 $146 (15. c5 fxe4 16. fxe4 Ng4 17. Bxg4 Bxg4 {½-½ (39) Postny,E (2606)-Vovk,A (2636) Fagernes 2017}) 15... fxe4 16. fxe4 Bh3 {[#]} (16... Ng4 $1 $11 {and Black is okay.} 17. Bxg4 Bxg4) 17. Rxf6 $1 $18 Bxf6 {[#]} 18. g4 $1 $36 {[%mdl 2048] Black is under strong pressure.} Bh4 19. Qe3 Rf8 (19... Bxg4 $142 20. Bxg4 b6) 20. Qxh3 Bg5 21. Bxg5 Qxg5 22. Qg3 Qd2 $2 (22... Rf7 {was called for.} 23. c5 Raf8) 23. Rd1 Qg5 24. h4 Qe7 (24... Nh5 $16 25. hxg5 Nxg3) 25. Kg2 c5 (25... Rf7 $142 26. c5 Raf8) 26. dxc6 bxc6 {[#]} 27. c5 $1 {And now cxd6 would win.} Ne6 $2 (27... Rae8 28. cxd6 Qxd6) (27... dxc5 28. Nxe5) 28. cxd6 Qxd6 29. Nxe5 Qb4 30. Bc4 Qxb2+ 31. Kh3 Rae8 32. Rd6 {[%mdl 64] Double Attack} Qa1 33. Qe3 Rf2 34. Bxe6+ Rxe6 35. Rd8+ Rf8 36. Rxf8+ Kxf8 37. Qf4+ Ke7 38. Qf7+ {[%mdl 64] Double Attack} Kd6 39. Nc4+ Kc5 40. Na4+ ({Weaker is} 40. Qxe6 Qxc3+ 41. Kh2 Qxc4 $11) 40... Kb4 41. Qxe6 Qxa2 42. Nab2 Qb3+ 43. Kg2 Qc2+ 44. Kf3 Qc3+ 45. Kf4 {Qe7+! would kill now.} c5 46. Qa6 {[%cal Ra6b7]} Qf6+ {Accuracy: White = 66%, Black = 23%.} 1-0

[Event "Final GP Rapid TOP 16 2019"]
[Site "Khanty-Mansijsk"]
[Date "2019.12.03"]
[Round "14.5"]
[White "Murzin, Volodar"]
[Black "Moiseenko, Vadim"]
[Result "0-1"]
[WhiteElo "2429"]
[BlackElo "2532"]
[Annotator "TA"]
[PlyCount "82"]
[EventDate "2019.12.01"]
[EventType "tourn"]
[EventCountry "RUS"]
[SourceTitle "playchess.com"]
[Source "ChessBase"]
[SourceQuality "1"]

{[%evp 9,112,35,57,-4,2,0,18,15,18,9,20,20,42,0,0,-9,-2,-4,0,-28,0,-31,-38,-47,0,0,0,-17,-10,-22,-19,-25,-8,-48,-34,-67,-52,-75,-72,-67,-68,-79,-73,-68,-32,-35,-34,-38,-33,-33,-39,-37,-2,-13,-24,-42,-8,-15,0,-37,-53,-52,-60,-53,-26,-49,-43,-68,-52,-80,-31,-66,-60,-63,-40,-501,-504,-467,-343,-337,-337,-337,-337,-310,-315,-256,-222,-392,-399,-1414,-1414,-1414,-1414,-1414,-1414,-1396,-1368,-1164,-956,-29984,-29985,-29985,-29986,-29986,-29987]} 1. e4 e5 2. Nf3 Nc6 3. Bb5 a6 4. Ba4 g6 5. d4 exd4 6. Bg5 {C70: Ruy Lopez: 3...a6 4 Ba4, Norwegian and Delayed Schliemann} (6. Nxd4 $14 Nge7 7. Bg5) (6. Nxd4 Bg7 7. Nxc6 bxc6 8. Nc3 Ne7 9. Be3 O-O 10. Qd2 d5 11. O-O-O Rb8 12. Bh6 Qd6 13. Bb3 dxe4 14. Bxg7 Qxd2+ 15. Rxd2 Kxg7 16. Nxe4 {1-0 (55) Nyzhnyk,I (2649)-Gareyev,T (2584) Las Vegas 2019}) 6... Be7 $11 7. Bxe7 Qxe7 8. Bxc6 {The position is equal.} dxc6 9. Qxd4 Nf6 10. O-O O-O 11. e5 Nd5 $146 ({Predecessor:} 11... Nh5 12. Nc3 Bf5 13. h3 Rad8 {1-0 (38) Zakic,S (2350)-Zsinka,L (2375) Budapest 1991}) 12. a3 Rd8 13. Nbd2 Bf5 14. Qc4 c5 (14... Nb6 $5 {[%cal Rb6c4]} 15. Qb3 Rd5 $15) 15. Nb3 b6 16. Rfe1 Rd7 17. Rac1 h6 18. Nbd2 b5 19. Qh4 Qxh4 20. Nxh4 Nf4 $36 {[%mdl 2048] Black has good play.} 21. Nf1 Be6 22. Nf3 Rad8 23. h4 Bd5 24. N1d2 c4 25. Ne4 Bxe4 26. Rxe4 Rd1+ (26... Ne6 {keeps more tension.} 27. g3 a5 28. h5 a4 29. Kg2 g5) 27. Rxd1 Rxd1+ $15 {[%mdl 4096] Endgame KRN-KRN} 28. Re1 Rd5 29. g3 Ne6 30. Kf1 g5 31. hxg5 hxg5 32. Re4 Rd1+ 33. Re1 Rd5 34. Re4 Kg7 35. Ke1 Kg6 36. g4 c5 37. Re3 Nf4 {...Ng2+ is the strong threat.} 38. Re4 Rd8 39. a4 Ne6 40. Re2 bxa4 {Strongly threatening ...c3!} 41. Re4 $1 Rb8 {Played: Ne6-d4} 0-1

[Event "Final GP Rapid TOP 16 2019"]
[Site "Khanty-Mansijsk"]
[Date "2019.12.03"]
[Round "14.6"]
[White "Maltsevskaya, Aleksandra"]
[Black "Kokarev, Dmitry"]
[Result "0-1"]
[WhiteElo "2332"]
[BlackElo "2601"]
[Annotator "TA"]
[PlyCount "97"]
[EventDate "2019.12.01"]
[EventType "tourn"]
[EventCountry "RUS"]
[SourceTitle "playchess.com"]
[Source "ChessBase"]
[SourceQuality "1"]

{[%evp 16,97,0,0,0,-16,-14,-10,-21,-15,-8,-4,-7,-9,-6,-29,-21,-24,-22,-22,-25,-20,-18,-35,-22,-23,-19,-33,-23,-22,-18,-89,-91,-92,-92,-79,-84,-104,-97,-94,-91,-104,-99,-146,-146,-149,-149,-149,-141,-228,-224,-220,-215,-226,-215,-331,-312,-298,-248,-347,-323,-367,-366,-423,-410,-401,-383,-375,-373,-548,-537,-533,-535,-694,-654,-1236,-1179,-1704,-1703,-1422,-1364,-5385,-4852,-4845]} 1. e4 c5 2. d4 cxd4 3. c3 Nf6 4. e5 Nd5 5. Nf3 d6 6. cxd4 Nc6 7. Bc4 dxe5 8. dxe5 Ndb4 9. Qb3 e6 {B22: Sicilian: 2 c3} 10. O-O Na5 11. Bb5+ Bd7 {The position is equal.} 12. Qa4 $1 Bxb5 13. Qxb5+ Nac6 14. Nc3 a6 15. Qe2 (15. Qc4 Qd3 16. Qg4 Qg6 17. Qxg6 hxg6 {0-1 (49) Potapov,P (2516)-Demchenko,A (2679) St Petersburg 2018}) 15... Qd3 $1 16. Rd1 Qxe2 17. Nxe2 Be7 18. Bd2 Nd5 19. Nc3 O-O-O {[%cal Ba8d8,Bd8d7,Bd7d5][%mdl 32]} 20. Ne4 $146 ({Predecessor:} 20. Rac1 Nxc3 21. Bxc3 Rxd1+ 22. Rxd1 {½-½ (22) Bellincampi,S (1995)-Tonetto,F (1916) Porto San Giorgio 2019}) 20... h6 21. Rac1 Kb8 22. Kf1 Rd7 23. Nc3 (23. g3 $11 {remains equal.}) 23... Rhd8 $17 24. Nxd5 Rxd5 25. Ke2 g5 26. Bc3 g4 27. Ne1 Nxe5 28. Rxd5 Rxd5 29. Rd1 Rxd1 30. Kxd1 {[%mdl 4096] Endgame KBN-KBN} Ng6 31. f3 h5 32. fxg4 (32. Nd3 $17) 32... hxg4 $19 33. Ke2 Kc7 34. Nd3 f5 35. h3 (35. g3 $142) 35... gxh3 36. gxh3 Bd6 37. Bf6 e5 38. h4 {White wants to play h5.} e4 39. Ne1 Nf4+ 40. Kf2 Kd7 41. Nc2 Ke6 42. Bd8 (42. Bc3 $142) 42... Bc5+ {Black is clearly winning.} 43. Kf1 Nh5 44. b4 Ba7 45. a4 f4 46. b5 axb5 47. axb5 Bc5 48. Bc7 Kf5 49. Kg2 {Accuracy: White = 36%, Black = 95%.} 0-1

[Event "Final GP Rapid TOP 16 2019"]
[Site "Khanty-Mansijsk"]
[Date "2019.12.03"]
[Round "14.7"]
[White "Voit, Daria"]
[Black "Shaposhnikov, Evgeny"]
[Result "1/2-1/2"]
[WhiteElo "2336"]
[BlackElo "2568"]
[Annotator "TA"]
[PlyCount "60"]
[EventDate "2019.12.01"]
[EventType "tourn"]
[EventCountry "RUS"]
[SourceTitle "playchess.com"]
[Source "ChessBase"]
[SourceQuality "1"]

{[%evp 21,60,18,20,6,19,13,16,8,14,9,13,0,12,0,19,0,0,0,19,8,37,0,57,48,95,58,91,40,93,20,15,-12,57,71,101,0,12,18,116,19,33]} 1. d4 Nf6 2. Nf3 e6 3. c4 b6 4. g3 Bb4+ 5. Bd2 c5 6. Bg2 Bb7 7. Bxb4 cxb4 8. O-O a5 9. Nbd2 O-O 10. Qc2 d6 11. a3 Na6 12. Rac1 {E16: Queen's Indian: 4 g3 Bb7 5 Bg2 Bb4+} Qc7 $146 ({Predecessor:} 12... Rc8 13. Qd3 Rc7 14. Ne1 Bxg2 15. Nxg2 Qa8 16. e4 Rfc8 17. Ra1 bxa3 18. bxa3 Nb8 19. Ne3 Qa6 20. Qb3 Nc6 21. Qb2 e5 22. Nf5 Nxd4 23. Nxd4 exd4 24. Qxd4 b5 25. cxb5 Qxb5 26. Qxd6 Qh5 {1-0 (26) Sergienko,S (2420)-Fokin,S (2420) Budapest 1993}) 13. e3 Rac8 14. Qb1 h6 15. Rfd1 Rfe8 16. Ne1 Bxg2 17. Kxg2 Qb7+ 18. Kg1 e5 19. Nd3 Nh7 20. axb4 {With the idea b5.} axb4 21. Qa2 exd4 ({Better is} 21... Ra8 $11) 22. exd4 $14 Re2 {aiming for ...Ng5.} 23. h4 g5 {[#]} 24. Ra1 ({White should play} 24. Qa4 $1 $16) 24... Nb8 ({Black should try} 24... Ra8 $1 $14) 25. Nxb4 (25. Qa8 $16 Qxa8 26. Rxa8) 25... gxh4 $11 26. gxh4 {Threatens to win with Nd5.} Kh8 (26... Qe7 $1 $11 27. Kf1 Re8) 27. Nd5 $14 Qd7 28. Kf1 (28. Qa3 $16) 28... Rce8 {[#] ( -> ...Qh3+)} 29. Qb3 {next Qd3 is good for White.} Nc6 (29... Qg4 $11 30. Qf3 Qxh4) 30. Nf4 ({Not} 30. Nxb6 $2 Qg4 $19) (30. Qf3 $16) 30... R2e7 $1 {Accuracy: White = 22%, Black = 14%.} 1/2-1/2

[Event "Final GP Rapid TOP 16 2019"]
[Site "Khanty-Mansijsk"]
[Date "2019.12.03"]
[Round "14.8"]
[White "Nesterov, Arseniy"]
[Black "Pridorozhni, Aleksei"]
[Result "0-1"]
[WhiteElo "2489"]
[BlackElo "2602"]
[Annotator "RC"]
[PlyCount "84"]
[EventDate "2019.12.01"]
[EventType "tourn"]
[EventCountry "RUS"]
[SourceTitle "playchess.com"]
[Source "ChessBase"]
[SourceQuality "1"]
[TimeControl "900+10"]

1. d4 {[%emt 0:00:00]} e6 {[%emt 0:00:00]} 2. c4 {[%emt 0:00:00]} f5 {[%emt 0:00:00]} 3. Nf3 {[%emt 0:00:02]} Nf6 {[%emt 0:00:00]} 4. g3 {[%emt 0:00:05]} b6 {[%emt 0:00:02]} 5. Bg2 {[%emt 0:00:05]} Bb7 {[%emt 0:00:04]} 6. O-O {[%emt 0:00:03]} a5 {[%emt 0:00:23]} 7. d5 {[%emt 0:00:37]} exd5 {[%emt 0:00:02]} 8. Nd4 {[%emt 0:00:08]} Nc6 {[%emt 0:00:02]} 9. cxd5 {[%emt 0:00:32]} Nxd4 {[%emt 0:00:02]} 10. Qxd4 {[%emt 0:00:02]} Bd6 {[%emt 0:00:02]} 11. Nc3 {[%emt 0:00:53]} O-O {[%emt 0:00:10]} 12. Bf4 {[%emt 0:00:44]} Ne8 {[%emt 0:00:10]} 13. Nb5 {[%emt 0:01:42]} Bxf4 {[%emt 0:00:06]} 14. Qxf4 {[%emt 0:00:40]} Ba6 {[%emt 0:00:03]} 15. Nd4 {[%emt 0:00:07]} Nd6 {[%emt 0:00:05]} 16. Rfc1 {[%emt 0:00:04]} Rc8 {[%emt 0:00:05]} 17. Rc2 {[%emt 0:00:15]} g5 {[%emt 0:00:43]} 18. Qd2 {[%emt 0:00:30]} f4 {[%emt 0:00:08]} 19. Rac1 {[%emt 0:00:26]} h6 {[%emt 0:00:40]} 20. e4 {[%emt 0:00:35]} fxe3 {[%emt 0:00:27]} 21. Qxe3 {[%emt 0:00:04]} Qf6 {[%emt 0:00:13]} 22. h3 {[%emt 0:01:04]} Rce8 {[%emt 0:00:12]} 23. Qc3 {[%emt 0:02:54]} Ne4 {[%emt 0:00:06]} 24. Bxe4 {[%emt 0:00:02]} Rxe4 {[%emt 0:00:01]} 25. Nb3 {[%emt 0:02:23]} a4 {[%emt 0:00:25]} 26. Qxf6 {[%emt 0:01:22]} Rxf6 {[%emt 0:00:02]} 27. Na1 {[%emt 0:00:13]} Rd4 {[%emt 0:00:40]} 28. Rxc7 {[%emt 0:01:16]} Rxd5 {[%emt 0:00:29]} 29. Nc2 {[%emt 0:01:17]} Rd2 {[%emt 0:00:09]} 30. Nb4 {[%emt 0:00:11]} Bb5 {[%emt 0:00:05]} 31. R1c2 {[%emt 0:00:44]} Rfxf2 {[%emt 0:00:26]} 32. Rxd2 {[%emt 0:00:02]} Rxd2 {[%emt 0:00:02]} 33. Rb7 {[%emt 0:00:44]} Rxb2 {[%emt 0:00:17]} 34. a3 {[%emt 0:00:01]} Bc6 {[%emt 0:00:28]} 35. Rxb6 {[%emt 0:00:06]} Rg2+ {[%emt 0:00:03]} 36. Kf1 {[%emt 0:00:25]} Rxg3 {[%emt 0:00:03]} 37. Nxc6 {[%emt 0:00:08]} dxc6 {[%emt 0:00:01]} 38. Rxc6 {[%emt 0:00:06]} Rxh3 {[%emt 0:00:03]} 39. Kg2 {[%emt 0:00:05]} Rh4 {[%emt 0:00:07]} 40. Kg3 {[%emt 0:00:11]} Kg7 {[%emt 0:00:02]} 41. Ra6 {[%emt 0:00:06]} Rc4 {[%emt 0:00:03]} 42. Kg2 {[%emt 0:00:02]} h5 {[%emt 0:00:04]} 0-1

[Event "Final GP Rapid TOP 16 2019"]
[Site "Khanty-Mansijsk"]
[Date "2019.12.03"]
[Round "15.1"]
[White "Pridorozhni, Aleksei"]
[Black "Ponkratov, Pavel"]
[Result "0-1"]
[WhiteElo "2602"]
[BlackElo "2619"]
[Annotator "TA"]
[PlyCount "136"]
[EventDate "2019.12.01"]
[EventType "tourn"]
[EventCountry "RUS"]
[SourceTitle "playchess.com"]
[Source "ChessBase"]
[SourceQuality "1"]

{[%evp 9,136,36,35,40,33,27,29,0,0,0,0,0,13,10,4,4,9,0,14,-37,-33,-27,-57,-44,-30,-118,-121,-112,-111,-137,-138,-151,-152,-204,-205,-222,-223,-320,-322,-320,-306,-296,-300,-302,-279,-304,-287,-301,-303,-304,-312,-366,-287,-287,-271,-300,-283,-360,-287,-299,-299,-287,-252,-258,-215,-208,-212,-218,-190,-237,-207,-290,-287,-345,-345,-294,-210,-380,-435,-545,-603,-599,-588,-564,-552,-661,-525,-657,-648,-845,-625,-868,-849,-1435,-1277,-1880,-1509,-1254,-1362,-1621,-1571,-1824,-1010,-1015,-995,-1004,-643,-1639,-1450,-1442,-1143,-1267,-1250,-1749,-1631,-1535,-1630,-1962,-2102,-2116,-1681,-1963,-1935,-1705,-1720,-1693,-1556,-29986,-29987]} 1. e4 d6 2. d4 Nc6 3. Nc3 Nf6 4. Nf3 g6 5. Bb5 (5. h3 Bg7 6. Be3 O-O 7. Qd2 a6 8. d5 Na7 9. a4 c6 10. Be2 Bd7 11. O-O b5 12. dxc6 Bxc6 13. e5 b4 14. exf6 bxc3 15. fxe7 cxd2 16. exd8=Q Rfxd8 {½-½ (49) Nisipeanu,L (2667)-Maghsoodloo,P (2671) Malmo 2019}) 5... a6 6. Bxc6+ {B00: Queen's Fianchetto Defence, Nimzowitsch Defence} bxc6 7. e5 Nd5 8. Nxd5 {White has an edge.} cxd5 9. O-O $146 ({Predecessor:} 9. Bf4 Bg7 10. c3 O-O 11. O-O Bg4 12. exd6 cxd6 {½-½ (48) Schreyer,A-Amrehn,F (2206) Bad Homburg 2005}) 9... Bg7 10. Bf4 h6 11. Qd2 g5 12. Bg3 f5 13. exf6 $1 Bxf6 14. Qd3 (14. Rac1 $11) 14... Qd7 $15 15. Qg6+ Kf8 $1 16. Qd3 Qf5 {White must now prevent ...Qxd3.} 17. Qxf5 (17. Qe3 $11 {remains equal.}) 17... Bxf5 $17 18. c3 a5 {[%cal Ba6a5,Ba5a4][%mdl 32]} 19. Rfe1 Kf7 20. b3 Rhc8 21. h3 (21. Rad1 $17 {was necessary.}) 21... c5 $19 22. Rad1 a4 23. c4 (23. dxc5 $142 Rxc5 24. Nd4 axb3 25. axb3) 23... dxc4 24. bxc4 cxd4 25. Nxd4 Bd7 26. Nf3 Be6 ({Much less strong is} 26... Rxc4 27. Ne5+ Bxe5 28. Bxe5 $17) 27. Nd2 Bxc4 28. Ne4 Bxa2 29. Nxf6 Kxf6 30. f4 Bb3 31. Rd3 Rc7 32. fxg5+ hxg5 ({Resist} 32... Kxg5 33. Bf2 $19) 33. h4 g4 34. Bf4 Bc4 35. Bg5+ Kf7 36. Ra3 Bb3 37. Re4 {[#]} e5 $1 38. Rxg4 Ke6 39. Rb4 d5 40. Ra1 (40. Kh2 $142) 40... d4 41. Re1 Bc4 42. Bf4 Ra5 {aiming for ...a3.} 43. Bd2 $2 {[#]} (43. Rb8 {keeps fighting.} Kf5 44. Bd2) 43... Ra6 44. Rb8 a3 45. Bc1 a2 46. Bb2 {White hopes to continue with Bxd4.} Kd6 47. h5 Be6 48. h6 Rh7 49. Rd8+ Bd7 50. Rf1 {Now Rf6+ and White clings on.} Rxh6 {And now ...Rb6 would win.} 51. Ba1 Ke7 52. Rg8 Rhg6 53. Rh8 Bc6 54. Rf2 Bd5 55. Re2 Rae6 56. Rh7+ Kd6 57. Ra7 Rg4 58. Bb2 d3 59. Rf2 Rb4 60. Bc3 Rc4 61. Bd2 Rc2 62. g4 Kc6 63. g5 Kb6 64. Ra3 e4 65. Be3+ Kb5 66. Rf5 Kb4 67. Ra7 Bc6 68. Rfa5 d2 {Accuracy: White = 36%, Black = 88%.} 0-1

[Event "Final GP Rapid TOP 16 2019"]
[Site "Khanty-Mansijsk"]
[Date "2019.12.03"]
[Round "15.2"]
[White "Shaposhnikov, Evgeny"]
[Black "Nesterov, Arseniy"]
[Result "1/2-1/2"]
[WhiteElo "2568"]
[BlackElo "2489"]
[Annotator "TA"]
[PlyCount "41"]
[EventDate "2019.12.01"]
[EventType "tourn"]
[EventCountry "RUS"]
[SourceTitle "playchess.com"]
[Source "ChessBase"]
[SourceQuality "1"]

{[%evp 9,41,4,24,24,20,21,19,16,38,29,25,14,27,8,22,25,27,22,29,16,34,25,31,33,23,14,12,12,12,16,30,37,54,3]} 1. c4 e5 2. g3 c6 3. Nf3 e4 4. Nd4 d5 5. d3 Nf6 (5... Bc5 6. Nb3 Bb4+ 7. Bd2 Bxd2+ 8. Qxd2 dxc4 9. dxc4 f5 10. Nc3 Qxd2+ 11. Kxd2 {½-½ (27) Ding,L (2811)-Yu,Y (2763) Khanty-Mansiysk 2019}) 6. Bg2 {A20: English Opening: 1...e5} Bc5 7. Nb3 Bb4+ 8. Bd2 {The position is equal.} Bxd2+ 9. Qxd2 dxc4 10. dxc4 Qe7 11. Qe3 $146 ({Predecessor:} 11. Nc3 O-O {½-½ (27) Cornelisse,J (2085)-Laliga,O (2026) ICCF email 2015}) 11... O-O 12. Nc3 Re8 13. O-O Bf5 14. Qc5 Bg6 15. Rfd1 Nbd7 16. Qxe7 Rxe7 17. Na5 Ne5 18. c5 b6 19. Nb3 h6 20. Rac1 Rae8 21. h3 {Accuracy: White = 80%, Black = 64%.} ({White should try} 21. Rd6 $14) 1/2-1/2

[Event "Final GP Rapid TOP 16 2019"]
[Site "Khanty-Mansijsk"]
[Date "2019.12.03"]
[Round "15.3"]
[White "Kokarev, Dmitry"]
[Black "Voit, Daria"]
[Result "1/2-1/2"]
[WhiteElo "2601"]
[BlackElo "2336"]
[Annotator "TA"]
[PlyCount "95"]
[EventDate "2019.12.01"]
[EventType "tourn"]
[EventCountry "RUS"]
[SourceTitle "playchess.com"]
[Source "ChessBase"]
[SourceQuality "1"]

{[%evp 9,95,23,25,15,88,63,72,69,68,62,65,72,73,77,121,60,47,18,45,16,37,30,42,39,50,44,109,108,129,58,59,0,72,37,172,124,129,112,120,112,118,122,99,82,87,85,121,131,200,187,210,169,198,170,216,178,180,189,189,189,187,163,175,158,155,154,155,150,181,162,212,174,166,168,182,165,164,156,176,149,159,137,168,152,180,0,0,0]} 1. c4 e5 2. d3 c6 (2... Nf6 3. Nf3 Nc6 4. a3 g6 5. b4 d6 6. Bb2 Bg7 7. e3 O-O 8. Be2 Ne7 9. O-O Re8 10. Nc3 Nf5 11. Ne4 Nxe4 12. dxe4 {1-0 (57) Kramnik,V (2753)-Anand,V (2756) Amsterdam 2019}) 3. Nf3 Nf6 4. Nc3 Bd6 5. Bg5 h6 6. Bh4 {A20: English Opening: 1...e5} Bb4 $146 (6... Bc7 $11) ({Predecessor:} 6... O-O 7. e4 Bc7 8. Bg3 d6 9. h3 Nbd7 10. Be2 Re8 11. O-O {1-0 (45) Nash,C (972)-Znak,N (827) LSS email 2008}) 7. Qb3 Bxc3+ 8. Qxc3 {White is better.} d6 9. c5 $1 g5 10. Bg3 $1 Nd5 11. Qa3 dxc5 12. Bxe5 (12. h4 $16) 12... O-O $14 13. Bxb8 Rxb8 14. Qxc5 Re8 $1 15. e3 Qf6 16. Qd4 Qd8 17. a3 Qa5+ (17... Bf5 $14) 18. b4 $16 Qa4 {[#]} 19. h4 (19. Be2 $1 $16) 19... g4 $14 20. Ne5 (20. Nd2 $14) 20... h5 (20... Qc2 $11 {remains equal.} 21. Nxg4 Bxg4 22. Qxg4+ Kh7) 21. e4 Nc7 (21... Qc2 $14) 22. Be2 Qc2 {And now ...Ne6 would win.} 23. Qc4 Qxc4 24. Nxc4 $40 {[%mdl 128] White attacks with force.} Nb5 25. f3 f5 26. Kd2 Be6 27. Ne3 f4 28. Nc2 g3 (28... Rbd8 $16 {was worth a try.} 29. a4 Nd4) 29. d4 $18 Nd6 30. Kc3 Kg7 31. Rhd1 Rbc8 32. a4 Nf7 33. Bc4 Nh8 34. Bxe6 Rxe6 35. Rh1 Ng6 36. Rad1 Rd6 37. Na3 Rd7 38. Nc4 Rcd8 39. Rd2 Kh6 40. Na5 Kg7 41. Nb3 b6 42. a5 Kf7 43. Ra2 Rb8 44. Nc1 c5 45. bxc5 bxc5 {[#]} 46. d5 $1 Rb1 47. Kc2 $2 ({White should play} 47. Re1 $18) 47... Rdb7 $11 48. a6 {Accuracy: White = 66%, Black = 45%.} 1/2-1/2